Agricultural growth and migration: search for new evidence (Record no. 43127)

000 -LEADER
fixed length control field 00488pab a2200181 454500
008 - FIXED-LENGTH DATA ELEMENTS--GENERAL INFORMATION
fixed length control field 180718b1999 xxu||||| |||| 00| 0 eng d
100 ## - MAIN ENTRY--PERSONAL NAME
Personal name Narayanamoorthy, A.
245 ## - TITLE STATEMENT
Title Agricultural growth and migration: search for new evidence
260 ## - PUBLICATION, DISTRIBUTION, ETC.
Date of publication, distribution, etc. 1999
300 ## - PHYSICAL DESCRIPTION
Extent p.402-11
362 ## - DATES OF PUBLICATION AND/OR SEQUENTIAL DESIGNATION
Dates of publication and/or sequential designation Jul-Sep
650 ## - SUBJECT ADDED ENTRY--TOPICAL TERM
Topical term or geographic name entry element Migration
650 ## - SUBJECT ADDED ENTRY--TOPICAL TERM
Topical term or geographic name entry element Agriculture
700 ## - ADDED ENTRY--PERSONAL NAME
Personal name Deshpande, R.S.
700 ## - ADDED ENTRY--PERSONAL NAME
Personal name Jyolishi, Amalendu
773 ## - HOST ITEM ENTRY
Main entry heading Indian Journal of Agricultural Economics
909 ## -
-- 43127
Holdings
Withdrawn status Lost status Damaged status Not for loan Permanent Location Current Location Date acquired Serial Enumeration / chronology Barcode Date last seen Price effective from Koha item type
        Indian Institute of Public Administration Indian Institute of Public Administration 2018-07-19 Volume no: 54, Issue no: 3 AR43517 2018-07-19 2018-07-19 Articles

Powered by Koha